00383nam a22001217a 450000500170000000800410001704100080005808200080006610000540007424500950012826000300022330000080025320240812155453.0240812b |||||||| |||| 00| 0 eng d aeng bSHI aShibe Sonal-2K221055 & Dr. Arpita Singh – Guide aAn Analysis of Employees Perception Towards the Training Provided at ACG Capsules, Shirval a Pune bSPPU cMarch-2024 a74p